000 00900nam a22002057a 4500
003 OSt
005 20240527122528.0
008 240527s2013 ag ||||| |||| 00| 1 spa d
020 _a9789504936695
040 _cbesoc
100 1 _aFontanarrosa, Roberto,
_d1944-2007,
_eautor
245 1 0 _aEl mundo ha vivido equivocado :
_by otros cuentos /
_cRoberto Fontanarrosa
250 _a1a ed.
260 _aBuenos Aires :
_bPlaneta,
_c2013
300 _a260 p.
490 0 _aBiblioteca Fontanarrosa Planeta
505 1 _aEl mundo ha vivido equivocado -- Revelaciones sobre un antiguo pleito -- La carga de Membrillares -- Lo que se dice jugador de fulbo -- Semblanzas deportivas -- El extraño caso de Lady Elwood -- Un hombre en soledad -- De la literatura nipona -- la columna política -- Un teniente primero -- Mi amigo Peter.-
650 4 _aLiteratura argentina
_vCuentos
_ySiglo XX
942 _2udc
_cOG
_n0
999 _c254
_d254